Statistics for Transcontinental countries in the world

Click here to take the quiz!

General Stats

  • This quiz has been taken 14 times
    (4 since last reset)
  • The average score is 53 of 65

Answer Stats

TerritoryContinentCountry% Correct
GreenlandNorth AmericaDenmark
100%
Northern Mariana IslandsOceaniaUnited States
100%
_____ PolynesiaOceaniaFrance
100%
New CaledoniaOceaniaFrance
100%
Wallis and FutunaOceaniaFrance
100%
HawaiiOceaniaUnited States
100%
GuamOceaniaUnited States
100%
______ SamoaOceaniaUnited States
100%
Pitcairn IslandsOceaniaUnited Kingdom
100%
_____ GuianaSouth AmericaFrance
100%
ArubaNorth AmericaNetherlands
100%
ReunionAfricaFrance
100%
Papua and West PapuaOceaniaIndonesia
100%
MayotteAfricaFrance
100%
Saint Helena, Ascension and Tristan da CunhaAfricaUnited Kingdom
100%
_____ Indian Ocean TerritoryAsiaUnited Kingdom
100%
Akrotiri and DhekeliaAsiaUnited Kingdom
100%
Falkland IslandsSouth AmericaUnited Kingdom
100%
Ceuta, Melilla and the Canary IslandsAfricaSpain
100%
Sint MaartenNorth AmericaNetherlands
100%
MontserratNorth AmericaUnited Kingdom
100%
Sint EustatiusNorth AmericaNetherlands
100%
AnguillaNorth AmericaUnited Kingdom
100%
Turks and Caicos IslandsNorth AmericaUnited Kingdom
100%
Cayman IslandsNorth AmericaUnited Kingdom
100%
CuraçaoNorth AmericaNetherlands
100%
BermudaNorth AmericaUnited Kingdom
100%
_____ Virgin IslandsNorth AmericaUnited Kingdom
100%
Saint-Pierre and MiquelonNorth AmericaFrance
100%
Saint-BarthélemyNorth AmericaFrance
100%
GuadeloupeNorth AmericaFrance
100%
MartiniqueNorth AmericaFrance
100%
Saint MartinNorth AmericaFrance
100%
The Azores and MadeiraAfricaPortugal
75%
Plazas de SoberaníaAfricaSpain
75%
South Georgia and South Sandwich IslandsAntarcticaUnited Kingdom
75%
_____Southern and Antarctic LandsAntarctica/AfricaFrance
75%
________ Antactic TerritoryAntarcticaAustralia
75%
________ Antarctica (Tierra del Fuego)AntarcticaArgentina
75%
_____ Antarctica (Magallanes)AntarcticaChile
75%
Central, Northwestern, Southern, North Caucasian and VolgaEuropeRussia
75%
_____ Antactic TerritoryAntarcticaUnited Kingdom
75%
Easter IslandOceaniaChile
75%
Minor Outlaying IslandsOceaniaUnited States
75%
Cocos IslandsAsiaAustralia
75%
BonaireNorth AmericaNetherlands
75%
SabaNorth AmericaNetherlands
75%
Clipperton IslandSouth AmericaFrance
75%
Christmas IslandAsiaAustralia
75%
Ashmore and Cartier IslandsAsiaAustralia
75%
Sinai PeninsulaAsiaEgypt
75%
Aegean IslandsAsiaGreece
75%
East ThraceEuropeTurkey
75%
SocotraAfricaYemen
50%
Heard and McDonalds IslandsAntarcticaAustralia
50%
Bonin IslandsOceaniaJapan
50%
Ross DependencyAntarcticaNew Zealand
50%
Federal Dependencies and Nueva EspartaNorth AmericaVenezuela
50%
San Andrés, Providencia and Santa CatalinaNorth AmericaColombia
50%
West _________ and AtyrauEuropeKazakhstan
50%
Queen Maud Land and Peter I IslandAntarcticaNorway
50%
Samegrelo-Zemo Svaneti and Mtskheta-MtianetiEuropeGeorgia
25%
Bouvet IslandAntarcticaNorway
25%
Guba-KhachmazEuropeAzerbaijan
25%
Prince Edward IslandsAntarcticaSouth Africa
25%

Score Distribution

Percentile by Number Answered

Percent of People with Each Score

Your Score History

You have not taken this quiz since the last reset